Hóa lí nguyên tử và liên kết hóa học từ lí thuyết đến ứng dụng

Na minha lista:
Detalhes bibliográficos
Autor principal: Đào Đình Thức
Formato: Livro
Idioma:Undetermined
Publicado em: Hà Nội KHKT 2001
Assuntos:
Tags: Adicionar Tag
Sem tags, seja o primeiro a adicionar uma tag!
Thư viện lưu trữ: Trung tâm Học liệu Trường Đại học Cần Thơ
LEADER 00557nam a2200169Ia 4500
001 CTU_47600
008 210402s9999 xx 000 0 und d
082 |a 541.24 
082 |b Th552/T1 
100 |a Đào Đình Thức 
245 0 |a Hóa lí nguyên tử và liên kết hóa học từ lí thuyết đến ứng dụng 
245 0 |c Đào Đình Thức 
260 |a Hà Nội 
260 |b KHKT 
260 |c 2001 
650 |a chemistry, physical and theoretical 
980 |a Trung tâm Học liệu Trường Đại học Cần Thơ